[Event "IECC Swiss email"]
[Site "IECC email"]
[Date "2002.01.31"]
[Round "?"]
[White "Jonsson, Gudbrandur"]
[Black "Delire, Michael"]
[Result "1-0"]
[WhiteElo "1413"]
[BlackElo "1077"]
[PlyCount "31"]
[EventDate "2002.??.??"]
[EventType "tourn (corr)"]
[EventRounds "6"]
[SourceTitle "Corr 2008"]
[Source "ChessBase"]
[SourceDate "2008.06.24"]
[SourceVersion "1"]
[SourceVersionDate "2008.06.24"]
[SourceQuality "1"]

1. e4 e5 2. Nf3 Nc6 3. Bc4 Nd4 4. Nxd4 exd4 5. 0-0 Nf6 6. Re1 Be7 7. e5 Ng8 8. Qg4 g6 9. Qf4 d5 10. exd6 Qxd6 11. Qxf7+ Kd7 12. Qg7 Qf6 13. Rxe7+ Qxe7 14. Qxd4+ Ke8 15. Qxh8 Kf8 16. Qxg8# 1-0

[Event "IECG CN.2001.0.00242"]
[Site "IECG email"]
[Date "2001.04.08"]
[Round "?"]
[White "Manarin, Franco"]
[Black "Delire, Michael"]
[Result "1/2-1/2"]
[WhiteElo "831"]
[BlackElo "709"]
[PlyCount "44"]
[EventDate "2001.04.08"]
[EventType "tourn (corr)"]
[EventRounds "6"]
[SourceTitle "Corr 2008"]
[Source "ChessBase"]
[SourceDate "2008.06.24"]
[SourceVersion "1"]
[SourceVersionDate "2008.06.24"]
[SourceQuality "1"]

1. Nc3 d5 2. e4 d4 3. Nce2 g6 4. Nf3 Bg7 5. Ng3 Nc6 6. Bb5 Bg4 7. Bxc6+ bxc6 8. h3 Bxf3 9. Qxf3 e5 10. b3 Ne7 11. Ba3 0-0 12. 0-0 Re8 13. Bc5 Qb8 14. Rfc1 Qb5 15. b4 Nc8 16. c3 dxc3 17. a4 Qc4 18. Rxc3 Qe6 19. Qd3 Bf8 20. Bxf8 Kxf8 21. Qe3 Kg7 22. d4 Nd6 1/2-1/2

[Event "IECG RN.2001.0.00004"]
[Site "IECG email"]
[Date "2001.04.01"]
[Round "?"]
[White "Delire, Michael"]
[Black "Manarin, Franco"]
[Result "0-1"]
[WhiteElo "709"]
[BlackElo "831"]
[PlyCount "52"]
[EventDate "2001.04.01"]
[EventType "tourn (corr)"]
[EventRounds "6"]
[SourceTitle "Corr 2008"]
[Source "ChessBase"]
[SourceDate "2008.06.24"]
[SourceVersion "1"]
[SourceVersionDate "2008.06.24"]
[SourceQuality "1"]

1. d4 d5 2. c4 c6 3. Nf3 Nf6 4. Nc3 a6 5. Bg5 dxc4 6. a4 Qa5 7. Bxf6 exf6 8. e4 Bb4 9. Qc2 Be6 10. Be2 0-0 11. 0-0 Re8 12. Na2 Bd6 13. Rfe1 b5 14. axb5 axb5 15. Nc3 Qxa1 16. Rxa1 Rxa1+ 17. Bf1 Na6 18. e5 Nb4 19. Qd2 fxe5 20. Ne4 Bf8 21. dxe5 Nd3 22. g3 Bh3 23. Kh1 Rxf1+ 24. Ng1 Rxe5 25. Ng5 Rxg5 26. Qxg5 Nxf2# 0-1

[Event "IECG CN.2000.0.00205"]
[Site "IECG email"]
[Date "2000.07.20"]
[Round "?"]
[White "Delire, Michael"]
[Black "Tomlinson, Mark"]
[Result "0-1"]
[WhiteElo "768"]
[BlackElo "800"]
[PlyCount "46"]
[EventDate "2000.07.20"]
[EventType "tourn (corr)"]
[EventRounds "6"]
[SourceTitle "Corr 2008"]
[Source "ChessBase"]
[SourceDate "2008.06.24"]
[SourceVersion "1"]
[SourceVersionDate "2008.06.24"]
[SourceQuality "1"]

1. d4 Nf6 2. Nf3 e6 3. c4 d5 4. g3 Be7 5. Bg2 0-0 6. 0-0 Nbd7 7. Qc2 c6 8. Rd1 b6 9. b3 Ba6 10. Nbd2 Rc8 11. e4 c5 12. exd5 exd5 13. Bb2 b5 14. dxc5 bxc4 15. b4 Bb7 16. Ne5 Nxe5 17. Bxe5 a5 18. Nxc4 axb4 19. Bxf6 Bxf6 20. Rab1 Rxc5 21. Rxb4 Qe7 22. Qc1 Rxc4 23. Rxc4 dxc4 0-1

[Event "IECG CN.2000.0.00205"]
[Site "IECG email"]
[Date "2000.07.20"]
[Round "?"]
[White "Lopez, Antonio"]
[Black "Delire, Michael"]
[Result "1-0"]
[WhiteElo "800"]
[BlackElo "768"]
[PlyCount "27"]
[EventDate "2000.07.20"]
[EventType "tourn (corr)"]
[EventRounds "6"]
[SourceTitle "Corr 2008"]
[Source "ChessBase"]
[SourceDate "2008.06.24"]
[SourceVersion "1"]
[SourceVersionDate "2008.06.24"]
[SourceQuality "1"]

1. d4 d5 2. c4 dxc4 3. Nf3 a6 4. e3 e6 5. Bxc4 c5 6. 0-0 Nf6 7. Qe2 b5 8. Bb3 Bb7 9. a4 b4 10. Rd1 cxd4 11. Rxd4 Qc7 12. Rc4 Bc5 13. e4 h6 14. Be3 1-0

[Event "IECG CN.1999.0.00152"]
[Site "IECG email"]
[Date "1999.10.05"]
[Round "?"]
[White "Delire, Michael"]
[Black "Robertson, John"]
[Result "1-0"]
[WhiteElo "800"]
[BlackElo "800"]
[PlyCount "39"]
[EventDate "1999.10.05"]
[EventType "tourn (corr)"]
[EventRounds "6"]
[SourceTitle "Corr 2008"]
[Source "ChessBase"]
[SourceDate "2008.06.24"]
[SourceVersion "1"]
[SourceVersionDate "2008.06.24"]
[SourceQuality "1"]

1. e4 c5 2. c4 d6 3. Nc3 e5 4. Nf3 Nc6 5. Be2 Nf6 6. 0-0 a6 7. a4 h6 8. d3 Qd7 9. Re1 Ne7 10. Nd5 Nexd5 11. exd5 Nh5 12. Nxe5 Qf5 13. Bg4 Qf6 14. Bxc8 Kd8 15. Bxb7 Ra7 16. Nc6+ Kc7 17. Nxa7 Kxb7 18. Nb5 g6 19. Qb3 Ng7 20. Nxd6+ 1-0

[Event "IECG CN.1999.0.00152"]
[Site "IECG email"]
[Date "1999.10.05"]
[Round "?"]
[White "Delire, Michael"]
[Black "Vio, Mauro"]
[Result "0-1"]
[WhiteElo "800"]
[BlackElo "657"]
[PlyCount "54"]
[EventDate "1999.10.05"]
[EventType "tourn (corr)"]
[EventRounds "6"]
[SourceTitle "Corr 2008"]
[Source "ChessBase"]
[SourceDate "2008.06.24"]
[SourceVersion "1"]
[SourceVersionDate "2008.06.24"]
[SourceQuality "1"]

1. e4 e6 2. d4 d5 3. exd5 exd5 4. Nc3 c6 5. Nf3 Bf5 6. Qe2+ Qe7 7. Qxe7+ Bxe7 8. Bd3 Bxd3 9. cxd3 Nf6 10. Bg5 0-0 11. 0-0 Nbd7 12. Ne5 Rae8 13. Bxf6 Nxf6 14. f4 Bd8 15. Na4 Re7 16. g4 Rfe8 17. g5 Nh5 18. Rac1 Bc7 19. Rce1 f6 20. Nf3 Nxf4 21. Rxe7 Rxe7 22. gxf6 gxf6 23. Re1 Rxe1+ 24. Nxe1 Ne2+ 25. Kg2 Nxd4 26. Nc5 b6 27. Nd7 Kf7 0-1

[Event "IECG CN.1999.0.00152"]
[Site "IECG email"]
[Date "1999.10.05"]
[Round "?"]
[White "Knudsen, Michael Jen"]
[Black "Delire, Michael"]
[Result "0-1"]
[WhiteElo "800"]
[BlackElo "800"]
[PlyCount "30"]
[EventDate "1999.10.05"]
[EventType "tourn (corr)"]
[EventRounds "6"]
[SourceTitle "Corr 2008"]
[Source "ChessBase"]
[SourceDate "2008.06.24"]
[SourceVersion "1"]
[SourceVersionDate "2008.06.24"]
[SourceQuality "1"]

1. e4 e5 2. Nf3 Nc6 3. Bb5 d5 4. Bxc6+ bxc6 5. exd5 e4 6. Ne5 Qxd5 7. Ng4 Qg5 8. h3 Nf6 9. d3 Qd5 10. Nxf6+ gxf6 11. Nc3 Qd4 12. Nxe4 f5 13. Be3 Qxb2 14. Nc5 Bxc5 15. Bxc5 Qc3+ 0-1